|
|
|
|
| LEADER |
01176pam a22003138a 4500 |
| 001 |
00026568 |
| 005 |
20171026081025.0 |
| 008 |
110816s2006 ||||||viesd |
| 020 |
|
|
|c 3600
|
| 041 |
0 |
# |
|a vie
|
| 082 |
1 |
4 |
|a 741.071
|b M300TH
|
| 245 |
0 |
0 |
|a Mĩ thuật 9
|b Sách giáo viên
|c Đàm Luyện (tổng ch.b kiêm ch.b.)...[và nh. ng. khác]
|
| 250 |
# |
# |
|a Tái bản lần thứ 1
|
| 260 |
# |
# |
|a H.
|b Giáo dục
|c 2006
|
| 300 |
# |
# |
|a 88 tr.
|b tranh vẽ
|c 24 cm.
|
| 500 |
# |
# |
|a ĐTTS ghi: Bộ Giáo dục và Đào tạo
|
| 650 |
# |
4 |
|a Lớp 9
|
| 650 |
# |
4 |
|a Mĩ thuật
|
| 650 |
# |
4 |
|a Sách giáo viên
|
| 700 |
1 |
# |
|a Nguyễn Quốc Toản
|e ch.b
|
| 700 |
1 |
# |
|a Triệu Khắc Lễ
|
| 700 |
1 |
# |
|a Đàm Luyện
|e tổng ch.b.
|
| 852 |
# |
# |
|b Kho giáo trình
|j KGT.0031480, KGT.0031481, KGT.0031482, KGT.0031483, KGT.0031484
|
| 852 |
# |
# |
|b Kho mượn
|j KGT.0031481
|
| 852 |
# |
# |
|b Kho đọc
|j KD.0011337
|
| 852 |
# |
# |
|j KGT.0031482
|j KGT.0031480
|j KD.0011337
|j KGT.0031481
|j KGT.0031483
|j KGT.0031484
|
| 910 |
|
|
|d 16/08/2011
|
| 980 |
# |
# |
|a Trung tâm Học liệu Lê Vũ Hùng, Trường Đại học Đồng Tháp
|